انتخاب مضامين تهذيب الاخلاق ;; aintikhab madamin tahdhib alaikhilaq / (Record no. 83463)
[ view plain ]
| 000 -LEADER | |
|---|---|
| fixed length control field | 00963nam a2200229 4500 |
| 001 - CONTROL NUMBER | |
| control field | 83463 |
| 003 - CONTROL NUMBER IDENTIFIER | |
| rucl marc code | BD-RjUL |
| 005 - DATE AND TIME OF LATEST TRANSACTION | |
| control field | 20240417104123.0 |
| 008 - FIXED-LENGTH DATA ELEMENTS--GENERAL INFORMATION | |
| fixed length control field | 240325s1954 p ||||| |||| 00| 0 ur d |
| 035 ## - SYSTEM CONTROL NUMBER | |
| System control number | (BD-RjUL) 83463 |
| 040 ## - CATALOGING SOURCE | |
| Original cataloging agency | BD-RjUL |
| Language of cataloging | eng |
| Transcribing agency | BD-RjUL |
| 041 ## - LANGUAGE CODE | |
| Language code of text/sound track or separate title | urd |
| 082 ## - DEWEY DECIMAL CLASSIFICATION NUMBER | |
| Edition number | 23 |
| Classification number | 297.5 |
| Author mark and year | HUI 1954 |
| 100 ## - MAIN ENTRY--PERSONAL NAME | |
| Personal name | حسين، سيد اعجاز ;; Hussein, Syed Ijaz |
| 9 (RLIN) | 12511 |
| 245 ## - TITLE STATEMENT | |
| Title | انتخاب مضامين تهذيب الاخلاق ;; aintikhab madamin tahdhib alaikhilaq / |
| Statement of responsibility, etc. | سيد اعجاز حسين ؛مرتبه سيد ابو الخير و محمد سليم عبدالله;; Syed Ijaz Hussein, ;maratabah , Sayed Abu Al-Khair w Muhammad Salim Abdullah, |
| 260 ## - PUBLICATION, DISTRIBUTION, ETC. (IMPRINT) | |
| Place of publication, distribution, etc. | Haydarabad : |
| Name of publisher, distributor, etc. | kitab Ijinsy, |
| Date of publication, distribution, etc. | 1954 |
| 300 ## - PHYSICAL DESCRIPTION | |
| Pagination | 138 p. ; |
| Size | 18 cm |
| 650 ## - SUBJECT ADDED ENTRY--TOPICAL TERM | |
| Topical term or geographic name as entry element | Islamic ethics |
| 700 ## - ADDED ENTRY--PERSONAL NAME | |
| Personal name | ابو الخير، سيد Abu Al-Khair, Sayed |
| Personal name | عبدالله, محمد سليم ;; Abdullah, Muhammad Salim |
| 942 ## - ADDED ENTRY ELEMENTS (KOHA) | |
| Source of classification or shelving scheme | Dewey Decimal Classification |
| Koha item type | Books |
| Lost status | Source of classification or shelving scheme | Damaged status | Not for loan | Collection code | Permanent Location | Current Location | Shelving location | Date acquired | Source of acquisition | Cost, normal purchase price | Full call number | Date last seen | Copy number | Koha item type |
|---|---|---|---|---|---|---|---|---|---|---|---|---|---|---|
| Dewey Decimal Classification | Not For Loan | Non-fiction | Central Library, University of Rajshahi | Central Library, University of Rajshahi | Reading Room | 09/07/1963 | Urdu library , Ghoramara, Rajshahi | 1.75 | U 297.5 HUI 1954 | 25/03/2024 | C-1 | Books | ||
| Dewey Decimal Classification | Non-fiction | Central Library, University of Rajshahi | Central Library, University of Rajshahi | General Stacks | 08/02/1967 | Feroz & Sons, Lahore | 1.50 | U 297.5 HUI 1954 | 17/04/2024 | C-2 | Books | |||
| Dewey Decimal Classification | Non-fiction | Central Library, University of Rajshahi | Central Library, University of Rajshahi | General Stacks | 08/02/1967 | Feroz & Sons, Lahore | 1.50 | U 297.5 HUI 1954 | 17/04/2024 | C-3 | Books | |||
| Dewey Decimal Classification | Non-fiction | Central Library, University of Rajshahi | Central Library, University of Rajshahi | General Stacks | 08/02/1967 | Feroz & Sons, Lahore | 1.50 | U 297.5 HUI 1954 | 17/04/2024 | C-4 | Books | |||
| Dewey Decimal Classification | Non-fiction | Central Library, University of Rajshahi | Central Library, University of Rajshahi | General Stacks | 08/02/1967 | Feroz & Sons, Lahore | 1.50 | U 297.5 HUI 1954 | 17/04/2024 | C-5 | Books |